000 01700nam a22002777a 4500
001 8884
003 FISKH
005 20251028161039.0
008 251028b cb ||||| |||| 00| 0 eng d
020 _a9781509843589
040 _aFISKH
_beng
_cFISKH
_dFISKH
050 _aPZ7
082 _a823.92
100 _aDonaldson, Julia
_eAuthor
245 _aThe go-away bird /
_cJulia Donaldson ; Catherine Rayner
260 _aLondon :
_bMacmillan Children's Books ,
_c2019
300 _a32 unnumbered pages :
_bcolor illustrations ;
_c29 cm
505 _aD
520 _aA gorgeous story about friendship and working together from a star picture-book partnership, the inimitable Julia Donaldson and award-winning Catherine Rayner. `The Go-Away bird sat up in her nest, With her fine grey wings and her fine grey crest.' One by one, the other birds fly into her tree, wanting to talk or to play, but the Go-Away bird just shakes her head and sends them all away. But then the dangerous Get-You bird comes along, and she soon realizes that she might need some friends after all . . . The Go-Away Bird combines brilliant rhyming verse from much-loved children's author Julia Donaldson, creator of the bestselling picture books The Gruffalo and What the Ladybird Heard, with stunning illustrations from the CILIP Kate Greenaway Medal-winning Catherine Rayner. A charming story about the power of friendship from a thrilling creative partnership, this beautiful book is perfect for reading together.
521 8 _a200
_bLexile estimate
521 8 _aD
_bRaz-Plus
650 _aAnimal fiction
_vFriendliness
700 _aRayner, Catherine
_eIllustrator
942 _2ddc
_cBK
_n0
999 _c8884
_d8884